000 00943nam0a2200289 4500
001 RU\NLR\bibl\235575
005 20250619112420.0
010 _a5-7856-0181-8
_95000
035 _a(NLR Aleph) 000231501
090 _a1347375
_c1347375
100 _a20020311d2000 |||y0rusy50 ca
101 0 _arus
102 _aRU
105 _ay |||||||||
200 1 _aПолитическая реклама
_fС.Ф. Лисовский
210 _aМ.
_cМаркетинг
_d2000
215 _a253,[1] с.
_d20
320 _aБиблиогр. в примеч.: с.233-253
606 0 _aРеклама политическая
_91714641
_3RU\NLR\auth\661061994
686 _aФ011.6
700 1 _aЛисовский
_bС. Ф.
_gСергей Федорович
_4070
801 0 _aRU
_bNLR
_c20020311
_gPSBO
801 1 _aRU
_bNLR
_c20020311
830 _aАвт. раскрыт по кн.
942 _cBOOK
980 _aNB